Statistics for Marvel Phase 5: Significant Characters

Click here to take the quiz!

General Stats

  • This quiz has been taken 12 times
  • The average score is 4 of 11

Answer Stats

ActorWhen They Were First IntroducedCharacter% Correct
Will PoulterGuardians of the Galaxy Vol. 3 (2023)Adam Warlock
91%
Kathryn Newton (Recast)Ant-Man and The Wasp: Quantumania (2023)Cassandra Lang/Stature
73%
Harrison Ford (Recast)Captain America: New World Order (2024)Thaddeus "Thunderbolt" Ross
73%
Chukwudi IwujiGuardians of the Galaxy Vol. 3 (2023)The High Evolutionary
55%
Maria BakalovaGuardians of the Galaxy Vol. 3 (2023)Cosmo
36%
Sacha Baron CohenIronheart (2023)Mephisto
36%
Anthony RamosIronheart (2023)Peter Robbins/The Hood
36%
Bill MurrayAnt-Man and The Wasp: Quantumania (2023)Krylar
18%
Emilia ClarkeSecret Invasion (2023)G'iah
9%
Olivia ColmanSecret Invasion (2023)Sonya Falsworth
9%
Zawe AshtonThe Marvels (2023)Ael-Dan
0%

Score Distribution

Percentile by Number Answered

Percent of People with Each Score

Your Score History

You have not taken this quiz